000 00281nam a22001337a 4500
008 170608b xxu||||| |||| 00| 0 eng d
020 _a3825886468
041 _ager
080 _a94
100 _a18
101 _aSHH
245 _aDIE KOSOVO BILANZ
_cKRAMER,H
942 _2udc
_cBK
999 _c16566
_d16566